Možnosti využitia metódy ABC pri tvorbe ceny

Metóda ABC (Activity Based Costing) - základné faktory jej úspešného zavedenia. Charakteristika metódy ABC. Základná charakteristika metódy ABC podľa Foltínovej a Kalafutovej. Základná schéma modelu ABC. Čo môže ABC firme priniesť.

Saved in:
Bibliographic Details
Main Author: Kufelová, Iveta, 1970-
Format: Book Chapter
Language:Slovak
Subjects:
Tags: Add Tag
No Tags, Be the first to tag this record!

MARC

LEADER 00000nla$a2200000$$$4500
001 0076270
005 20240613072452.7
041 0 |a slo 
044 |a SK 
245 1 0 |a Možnosti využitia metódy ABC pri tvorbe ceny  |c Iveta Kufelová 
520 |a Metóda ABC (Activity Based Costing) - základné faktory jej úspešného zavedenia. Charakteristika metódy ABC. Základná charakteristika metódy ABC podľa Foltínovej a Kalafutovej. Základná schéma modelu ABC. Čo môže ABC firme priniesť. 
610 2 0 |a podnik 
610 2 0 |a náklady fixné 
610 2 0 |a náklady režijné 
610 2 0 |a výkony podnikové 
610 2 0 |a produkty 
610 2 0 |a zákazníci 
610 2 0 |a metóda ABC 
610 2 0 |a kalkulácia 
610 2 0 |a ceny 
100 1 |a Kufelová, Iveta, 1970-